| 000 | 00940nam a2200289 a 4500 | ||
|---|---|---|---|
| 008 | |||
| 020 | _a0415089840 | ||
| 020 | _a0415089859 (pbk.) | ||
| 049 | _aMAIN | ||
| 090 |
_aHF1416 _bPHI |
||
| 100 | 1 | _aPhillips, Chris. | |
| 245 | 1 | 0 |
_aInternational marketing strategy : _banalysis, development, and implementation / _cChris Phillips, Isobel Doole, and Robin Lowe. |
| 260 |
_aLondon ; _aNew York : _bRoutledge, _c1994. |
||
| 300 |
_axx, 508 p. : _bill. ; _c26 cm. |
||
| 504 | _aIncludes bibliographical references. | ||
| 500 | _aIncludes index. | ||
| 650 | 0 |
_aExport marketing _xManagement. |
|
| 650 | 0 |
_aExport marketing _xManagement _vCase studies. |
|
| 653 | 0 | _aInternational marketing. | |
| 700 | 1 | _aDoole, Isobel. | |
| 700 | 1 | _aLowe, Robin. | |
| 907 |
_a.b10005614 _b29-03-12 _c17-04-03 |
||
| 003 | |||
| 005 | 20230904161412.0 | ||
| 040 | _cNUST | ||
| 942 |
_cBOOKS _kHF1416 _mPHI _01 |
||
| 999 |
_c142879 _d142879 |
||